[Event "Wuerttemberg-chT Rapid"]
[Site "Boeblingen"]
[Date "2024.04.13"]
[Round "6.17"]
[White "Brauning, Rudolf Wilhelm"]
[Black "Kulm, Justin"]
[Result "0-1"]
[WhiteElo "2194"]
[BlackElo "1963"]
[PlyCount "76"]
[EventDate "2024.04.13"]
[EventType "team-tourn"]
[EventRounds "9"]
[EventCountry "GER"]
[SourceTitle "CB17_2024"]
[SourceDate "2024.04.24"]
[SourceVersion "1"]
[SourceVersionDate "2024.04.24"]
[SourceQuality "1"]

1. d4 Nf6 2. Nf3 d5 3. g3 c6 4. Bg2 Bf5 5. 0-0 e6 6. c4 Nbd7 7. Qb3 Qb6 8. c5 Qxb3 9. axb3 e5 10. e3 Bd3 11. Re1 e4 12. Nfd2 h5 13. h3 a6 14. Nc3 g5 15. b4 Bh6 16. Bf1 Bxf1 17. Kxf1 0-0 18. Nb3 Ne8 19. b5 f5 20. bxc6 bxc6 21. Ne2 Nc7 22. Na5 Rf6 23. Bd2 Rb8 24. Ra2 h4 25. Kg2 Rb5 26. Nc3 Rb8 27. Ne2 Nf8 28. Kh2 Ng6 29. Rg1 Kf7 30. Rg2 Ke7 31. Rg1 Kd7 32. Rg2 hxg3+ 33. fxg3 f4 34. gxf4 gxf4 35. exf4 Nh4 36. Ng3 Nxg2 37. Kxg2 Rg8 38. Kh2 Rfg6 0-1

[Event "Wuerttemberg-chT Rapid"]
[Site "Boeblingen"]
[Date "2024.04.13"]
[Round "7.9"]
[White "Brauning, Rudolf Wilhelm"]
[Black "Oberst, Thomas"]
[Result "0-1"]
[WhiteElo "2194"]
[BlackElo "2227"]
[PlyCount "101"]
[EventDate "2024.04.13"]
[EventType "team-tourn"]
[EventRounds "9"]
[EventCountry "GER"]
[SourceTitle "CB17_2024"]
[SourceDate "2024.04.24"]
[SourceVersion "1"]
[SourceVersionDate "2024.04.24"]
[SourceQuality "1"]

1. c4 e5 2. a3 c6 3. Nf3 e4 4. Nd4 d5 5. cxd5 Nf6 6. e3 cxd5 7. d3 Bc5 8. Nc3 0-0 9. Be2 Re8 10. 0-0 exd3 11. Qxd3 Nc6 12. Nxc6 bxc6 13. Bf3 Ng4 14. Qc2 Bd6 15. h3 Nh2 16. Be2 Nxf1 17. Bxf1 Qf6 18. Bd2 Bf5 19. Qa4 Be5 20. f4 Bc7 21. Re1 Bb6 22. Kh2 Rad8 23. g4 Be4 24. Nxe4 Rxe4 25. Qc2 Qh4 26. Bg2 Re6 27. Qd3 Rde8 28. b4 Bc7 29. Rf1 h5 30. gxh5 Qxh5 31. b5 cxb5 32. Qxb5 Rd8 33. Rc1 Bb6 34. Qd3 Rg6 35. a4 Qh4 36. Be1 Qe7 37. Bd2 Re6 38. Re1 Qc5 39. Rc1 Qd6 40. a5 Bc7 41. Qc2 Bb8 42. Qb3 d4 43. e4 Qe7 44. e5 Qh4 45. Rf1 Rg6 46. Be1 Qe7 47. Bd5 Rh6 48. Bb4 Qd7 49. Bc4 d3 50. Rf3 d2 51. Rd3 0-1

[Event "Wuerttemberg-chT Rapid"]
[Site "Boeblingen"]
[Date "2024.04.13"]
[Round "9.13"]
[White "Kerpe, Andreas"]
[Black "Brauning, Rudolf Wilhelm"]
[Result "1/2-1/2"]
[WhiteElo "2146"]
[BlackElo "2194"]
[PlyCount "76"]
[EventDate "2024.04.13"]
[EventType "team-tourn"]
[EventRounds "9"]
[EventCountry "GER"]
[SourceTitle "CB17_2024"]
[SourceDate "2024.04.24"]
[SourceVersion "1"]
[SourceVersionDate "2024.04.24"]
[SourceQuality "1"]

1. e4 c5 2. Nc3 Nc6 3. g3 g6 4. Bg2 Bg7 5. d3 Rb8 6. Be3 d6 7. Qd2 b5 8. f4 b4 9. Nd1 e5 10. Nf3 Nge7 11. 0-0 0-0 12. fxe5 Nxe5 13. Nxe5 Bxe5 14. Bh6 Bg7 15. Bxg7 Kxg7 16. Ne3 Nc6 17. Nd5 Be6 18. Nf6 Ne5 19. a3 b3 20. c3 Nd7 21. Nxd7 Qxd7 22. c4 f6 23. Qc3 Bg8 24. Rac1 Qe7 25. Bh3 Qe5 26. Rf2 Qxc3 27. Rxc3 Rf7 28. Be6 Rfb7 29. Bxg8 Rxg8 30. Rc1 a5 31. Rcf1 Rf8 32. Kg2 a4 33. Kh3 Re7 34. Kg2 Re6 35. g4 g5 36. Kg3 h6 37. h4 Ree8 38. h5 Re6 1/2-1/2

[Event "Oberliga Wuerttemberg 9900"]
[Site "Wuerttemberg"]
[Date "2000.02.27"]
[Round "?"]
[White "Brauning, Rudolf Wilhelm"]
[Black "Sturm, Bernhard"]
[Result "1-0"]
[WhiteElo "2290"]
[BlackElo "2220"]
[PlyCount "55"]
[EventDate "1999.??.??"]
[EventType "team"]
[EventRounds "9"]
[EventCountry "GER"]
[SourceTitle "EXT 2005"]
[Source "ChessBase"]
[SourceDate "2004.11.15"]
[SourceVersion "1"]
[SourceVersionDate "2004.11.15"]
[SourceQuality "1"]

1. e4 c5 2. c3 d5 3. exd5 Qxd5 4. d4 Nf6 5. Nf3 Bg4 6. Qa4+ Bd7 7. Qb3 e6 8. Bc4 Qe4+ 9. Be3 Nc6 10. Nbd2 Qg6 11. dxc5 Ng4 12. 0-0-0 Nxe3 13. fxe3 Bxc5 14. Qxb7 Rb8 15. Qc7 Rc8 16. Qf4 0-0 17. Nh4 Qh5 18. Ne4 e5 19. Qg3 Be7 20. Rxd7 Bxh4 21. Qh3 Rcd8 22. Rhd1 Rxd7 23. Rxd7 Nd8 24. g3 Qf3 25. Qxh4 Qxe3+ 26. Nd2 Ne6 27. Bxe6 fxe6 28. Rd8 1-0

[Event "Oberliga Wuerttemberg 9900"]
[Site "Wuerttemberg"]
[Date "2000.02.06"]
[Round "?"]
[White "Frick, Christoph"]
[Black "Brauning, Rudolf Wilhelm"]
[Result "1/2-1/2"]
[WhiteElo "2216"]
[BlackElo "2290"]
[PlyCount "84"]
[EventDate "1999.??.??"]
[EventType "team"]
[EventRounds "9"]
[EventCountry "GER"]
[SourceTitle "EXT 2005"]
[Source "ChessBase"]
[SourceDate "2004.11.15"]
[SourceVersion "1"]
[SourceVersionDate "2004.11.15"]
[SourceQuality "1"]

1. e4 e6 2. Nc3 d5 3. g3 dxe4 4. Nxe4 Bd7 5. d4 Bc6 6. f3 Nf6 7. Bg2 e5 8. Ne2 Nbd7 9. 0-0 Be7 10. b3 0-0 11. c4 Bxe4 12. fxe4 exd4 13. Nxd4 Bc5 14. Kh1 Ne5 15. Bb2 Nfg4 16. Nf5 Qxd1 17. Raxd1 f6 18. Bd4 Bxd4 19. Rxd4 g6 20. Ne7+ Kg7 21. Nd5 Rad8 22. Nxc7 Rxd4 23. Ne6+ Kf7 24. Nxd4 Rd8 25. Nf3 Nxf3 26. Bxf3 Ne5 27. Rd1 Rd3 28. Rxd3 Nxd3 29. e5 b6 30. Bd5+ Ke7 31. exf6+ Kxf6 32. a3 Ke5 33. h4 h6 34. Kg2 a5 35. Kh3 Nf2+ 36. Kg2 Nd3 37. Kf3 Nc1 38. b4 axb4 39. axb4 Nd3 40. b5 Nc5 41. Ke3 Kf5 42. Bf3 Ke5 1/2-1/2

[Event "Catania op 2nd"]
[Site "Catania"]
[Date "1990.08.04"]
[Round "1"]
[White "Ivekovic, Bozidar"]
[Black "Brauning, Rudolf Wilhelm"]
[Result "1-0"]
[WhiteElo "2320"]
[BlackElo "2300"]
[PlyCount "107"]
[EventDate "1990.08.04"]
[EventType "swiss"]
[EventRounds "9"]
[EventCountry "ITA"]
[SourceTitle "EXT 2023"]
[Source "ChessBase"]
[SourceDate "2022.10.05"]
[SourceVersion "1"]
[SourceVersionDate "2022.10.05"]
[SourceQuality "1"]

1. e4 c6 2. d3 d5 3. Nd2 g6 4. g3 Bg7 5. Bg2 Nf6 6. Ngf3 0-0 7. 0-0 Na6 8. Qe2 Nb4 9. e5 Nxc2 10. exf6 Bxf6 11. Rb1 Bf5 12. a3 Qb6 13. b4 Qb5 14. Rb3 Na1 15. a4 Qxa4 16. Rb1 Nc2 17. Nh4 Nxb4 18. Nxf5 gxf5 19. Nf3 Qc2 20. Qxc2 Nxc2 21. Rxb7 a5 22. Ne1 Nd4 23. Ba3 a4 24. Nf3 Nc2 25. Bxe7 Bxe7 26. Rxe7 a3 27. Re2 a2 28. Rxc2 a1Q 29. Rxa1 Rxa1+ 30. Bf1 Rc8 31. d4 Kf8 32. Kg2 f6 33. Bd3 Rc7 34. Bxf5 Ra4 35. Bd3 Rb4 36. h4 h6 37. h5 Kf7 38. Bg6+ Ke6 39. Re2+ Kd6 40. Nh4 Ra7 41. Nf5+ Kc7 42. Re7+ Kb6 43. Rxa7 Kxa7 44. Nxh6 Rxd4 45. Nf5 Rb4 46. h6 c5 47. Ne7 Ka6 48. Nxd5 Rb8 49. Nxf6 c4 50. h7 Rh8 51. Nd7 c3 52. Ne5 Kb5 53. Nf7 c2 54. Bxc2 1-0